[Event "Rated Blitz game"]
[Site "?"]
[Date "2021.01.09"]
[Round "?"]
[White "peoncito19"]
[Black "Fantastic_power06"]
[Result "0-1"]
[WhiteElo "2543"]
[BlackElo "2635"]
[PlyCount "40"]
[EventDate "2021.??.??"]
[EventType "blitz"]

1. e4 e5 2. Nf3 d5 3. exd5 e4 4. Ne5 Qxd5 5. d4 exd3 6. Nxd3 Nf6 7. Nc3 Qf5 8.
Be2 Nc6 9. O-O Be6 10. Re1 O-O-O 11. Be3 Bd6 12. Bf3 Ng4 13. Bxg4 Qxg4 14. Qxg4
Bxg4 15. Ne4 Be7 16. Bc5 Bxc5 17. Nexc5 Nd4 18. f3 Nxc2 19. fxg4 Nxa1 20. Nb4
a5 {Normal} 0-1

[Event "Rated Blitz game"]
[Site "?"]
[Date "2021.01.09"]
[Round "?"]
[White "MikeGScarn"]
[Black "Fantastic_power06"]
[Result "1-0"]
[WhiteElo "2798"]
[BlackElo "2629"]
[PlyCount "111"]
[EventDate "2021.??.??"]
[EventType "blitz"]

1. e4 e5 2. Nf3 d5 3. Nc3 dxe4 4. Nxe5 Qd4 5. Nc4 Bc5 6. Ne3 Nf6 7. Be2 O-O 8.
O-O Nc6 9. b3 Qe5 10. Bb2 Bd6 11. g3 Bh3 12. Re1 Nd4 13. Nc4 Qf5 14. Nxd6 cxd6
15. Na4 Nxe2+ 16. Qxe2 Bg4 17. Qf1 Bf3 18. Bxf6 Qxf6 19. Nc3 Rae8 20. Re3 Re5
21. Ne2 Rh5 22. h3 Qf5 23. Kh2 Bg4 24. Ng1 Re8 25. f3 Bxh3 26. Nxh3 Re6 27. g4
Qe5+ 28. f4 Rxh3+ 29. Kxh3 Rh6+ 30. Kg3 Qe7 31. g5 Re6 32. Rae1 h6 33. Qc4 hxg5
34. Rxe4 gxf4+ 35. Kf3 Qh4 36. Rxe6 Qg3+ 37. Ke2 Qg4+ 38. Kd3 Qf5+ 39. R6e4 d5
40. Qd4 dxe4+ 41. Qxe4 Qd7+ 42. Qd4 Qf5+ 43. Qe4 Qd7+ 44. Kc3 Qc7+ 45. Kb2 g6
46. d4 Kg7 47. Qe5+ Qxe5 48. dxe5 g5 49. e6 Kg6 50. e7 Kf5 51. e8=Q Kg4 52.
Qd7+ f5 53. Qd2 Kg3 54. Rg1+ Kh4 55. Qg2 Kh5 56. Qxg5# {Normal} 1-0

[Event "Rated Blitz game"]
[Site "?"]
[Date "2021.01.09"]
[Round "?"]
[White "mikooo"]
[Black "Tayota"]
[Result "0-1"]
[WhiteElo "2406"]
[BlackElo "2315"]
[PlyCount "26"]
[EventDate "2021.??.??"]
[EventType "blitz"]

1. e4 e5 2. Nf3 d5 3. Nxe5 Qe7 4. d4 f6 5. Qh5+ g6 6. Nxg6 Qxe4+ 7. Be2 Qxg6 8.
O-O Ne7 9. Qh4 h5 10. Bd3 Bf5 11. Nc3 Rg8 12. g3 Nbc6 13. Re1 O-O-O {Normal}
0-1

[Event "Rated Blitz game"]
[Site "?"]
[Date "2021.01.09"]
[Round "?"]
[White "lorelsha97"]
[Black "tactinhos2900"]
[Result "1-0"]
[WhiteElo "2400"]
[BlackElo "2503"]
[PlyCount "71"]
[EventDate "2021.??.??"]
[EventType "blitz"]

1. e4 e5 2. Nf3 d5 3. Nc3 dxe4 4. Nxe4 f5 5. Ng3 e4 6. Ne5 Qd4 7. Nc4 Bc5 8.
Qe2 Be6 9. c3 Bxc4 10. cxd4 Bxe2 11. Bxe2 Bxd4 12. Nxf5 Bf6 13. d3 exd3 14.
Bxd3 Nc6 15. O-O O-O-O 16. Be4 g6 17. Ne3 Nge7 18. Ng4 Bg7 19. Bg5 Rd4 20. f3
Rf8 21. Rac1 Nd5 22. b3 a5 23. Ne3 Ndb4 24. a4 h6 25. Bh4 g5 26. Bf2 Nd3 27.
Nf5 Nxf2 28. Rxf2 Rxf5 29. Bxf5+ Kb8 30. Rfc2 Rb4 31. Be4 Bd4+ 32. Kf1 Bb6 33.
Bxc6 bxc6 34. Rc3 Kb7 35. Rd3 h5 36. Rc4 {Normal} 1-0

[Event "Rated Blitz game"]
[Site "?"]
[Date "2021.01.09"]
[Round "?"]
[White "peoncito19"]
[Black "Fantastic_power06"]
[Result "0-1"]
[WhiteElo "2535"]
[BlackElo "2643"]
[PlyCount "114"]
[EventDate "2021.??.??"]
[EventType "blitz"]

1. e4 e5 2. Nf3 d5 3. Nxe5 Bd6 4. d4 dxe4 5. Bc4 Bxe5 6. dxe5 Qxd1+ 7. Kxd1 Nc6
8. Bf4 Nge7 9. Re1 Bg4+ 10. Kc1 O-O-O 11. h3 Bh5 12. Nc3 Ng6 13. Bg5 Rde8 14.
e6 fxe6 15. Nxe4 Nge5 16. Bb3 Nd4 17. Be3 Nec6 18. Ba4 Rd8 19. c3 Nf5 20. Bg5
Rd5 21. g4 Nd6 22. Nxd6+ cxd6 23. Be3 Bg6 24. Bb3 Re5 25. f4 Re4 26. Bc2 Rc4
27. Bb3 Re4 28. Bc2 d5 29. Bxe4 Bxe4 30. Kd2 h5 31. g5 h4 32. Bd4 Rg8 33. Rxe4
dxe4 34. Ke3 Ne7 35. Kxe4 Nf5 36. Be5 Kd7 37. Rd1+ Ke7 38. c4 Rc8 39. b3 a6 40.
a4 Ng3+ 41. Kf3 Nf5 42. a5 Rc5 43. Bc3 Rc6 44. Bb4+ Ke8 45. Rd3 b6 46. axb6
Rxb6 47. Bc5 Rc6 48. b4 a5 49. Rc3 axb4 50. Bxb4 Rb6 51. Ba5 Ra6 52. Bb4 Nd4+
53. Ke4 Nf5 54. Ke5 Kf7 55. c5 Ra4 56. c6 Rxb4 57. c7 Rb5+ {Normal} 0-1

[Event "Rated Blitz game"]
[Site "?"]
[Date "2021.01.09"]
[Round "?"]
[White "mohammedarrami"]
[Black "Fantastic_power06"]
[Result "1-0"]
[WhiteElo "2547"]
[BlackElo "2640"]
[PlyCount "81"]
[EventDate "2021.??.??"]
[EventType "blitz"]

1. e4 e5 2. Nf3 d5 3. exd5 e4 4. Qe2 Nf6 5. Nc3 Be7 6. d3 O-O 7. Nxe4 Re8 8.
Qd1 Qxd5 9. Nxf6+ Bxf6+ 10. Be2 Qe6 11. d4 Bd7 12. Be3 Bc6 13. O-O Nd7 14. Re1
Nb6 15. Bf4 Nd5 16. Bg3 b5 17. Bxb5 Qxe1+ 18. Nxe1 Bxb5 19. c3 h5 20. h4 Rab8
21. Qxh5 c6 22. Nf3 Rbd8 23. Re1 Be2 24. Qf5 Re6 25. Qc2 Rde8 26. Ne5 Ba6 27.
Rd1 Bb7 28. Ng4 Bd8 29. c4 Nb6 30. a4 Re2 31. Qb3 Ba6 32. Ne5 Bf6 33. c5 Bxe5
34. cxb6 Bxg3 35. fxg3 axb6 36. Qxb6 Bc4 37. Qxc6 Rc2 38. d5 Ree2 39. d6 Be6
40. Qa8+ Kh7 41. d7 {Time forfeit} 1-0

[Event "Rated Blitz game"]
[Site "?"]
[Date "2021.01.09"]
[Round "?"]
[White "davideoli97"]
[Black "No_Move_Left"]
[Result "0-1"]
[WhiteElo "2314"]
[BlackElo "2493"]
[PlyCount "106"]
[EventDate "2021.??.??"]
[EventType "blitz"]

1. e4 e5 2. Nf3 d5 3. exd5 e4 4. Qe2 Qe7 5. Nd4 Nf6 6. Nc3 Qe5 7. Nf3 Qf5 8. d3
Bb4 9. dxe4 Qxe4 10. Qxe4+ Nxe4 11. Bd2 Nxd2 12. Kxd2 O-O 13. a3 Bd6 14. Bd3 a6
15. Rae1 Nd7 16. Re2 Nf6 17. Rhe1 Bg4 18. Re3 Bf4 19. Nd4 Rad8 20. Bc4 Rfe8 21.
Kc1 Bxe3+ 22. fxe3 Nd7 23. e4 Ne5 24. Bb3 Bd7 25. Nf3 g6 26. Nd1 Kg7 27. Nf2 f6
28. Nxe5 Rxe5 29. Kd2 Rde8 30. c3 f5 31. Bc2 fxe4 32. Ke3 Rxd5 33. Nxe4 Rde5
34. Kf4 Bc6 35. Rd1 Bxe4 36. Bxe4 Rxe4+ 37. Kg3 R8e7 38. Kf2 a5 39. Kg1 a4 40.
Kf2 b5 41. h3 c5 42. b4 axb3 43. c4 bxc4 44. a4 c3 45. Rd4 c2 46. Rxe4 Rxe4 47.
Kf3 Rb4 48. Kg3 c1=Q 49. Kh2 Qc3 50. h4 Re4 51. h5 Qe5+ 52. Kg1 Re1+ 53. Kf2
Qe3# {Normal} 0-1

[Event "Rated Blitz tournament bsRIX2FF"]
[Site "?"]
[Date "2021.01.09"]
[Round "?"]
[White "NIKiler"]
[Black "Jlgg50972"]
[Result "1-0"]
[WhiteElo "2520"]
[BlackElo "2395"]
[PlyCount "27"]
[EventDate "2021.??.??"]
[EventType "blitz"]

1. e4 e5 2. Nf3 d5 3. exd5 e4 4. Qe2 Be7 5. Qxe4 Nf6 6. Qa4+ c6 7. Nc3 O-O 8.
Be2 cxd5 9. O-O Nc6 10. d4 Bd7 11. Bg5 a6 12. Bxf6 Bxf6 13. Nxd5 Nxd4 14. Nxf6+
{Normal} 1-0

[Event "Rated Blitz game"]
[Site "?"]
[Date "2021.01.09"]
[Round "?"]
[White "JurajMatejovic_SK"]
[Black "KinzyabulatovRenat"]
[Result "0-1"]
[WhiteElo "2419"]
[BlackElo "2400"]
[PlyCount "30"]
[EventDate "2021.??.??"]
[EventType "blitz"]

1. e4 e5 2. Nf3 d5 3. exd5 e4 4. Qe2 Nf6 5. d3 Qxd5 6. Nbd2 Nc6 7. Nxe4 Be6 8.
Bd2 O-O-O 9. g3 Be7 10. Bg2 Rhe8 11. O-O Qh5 12. Nxf6 Bxf6 13. Qe3 Bg4 14. Qf4
Rd5 15. Bc3 Rf5 {Normal} 0-1

[Event "Rated Blitz game"]
[Site "?"]
[Date "2021.01.09"]
[Round "?"]
[White "filmer75"]
[Black "Fantastic_power06"]
[Result "0-1"]
[WhiteElo "2561"]
[BlackElo "2637"]
[PlyCount "62"]
[EventDate "2021.??.??"]
[EventType "blitz"]

1. e4 e5 2. Nf3 d5 3. exd5 e4 4. Qe2 Nf6 5. Nc3 Be7 6. Nd4 O-O 7. d3 Bb4 8. Bd2
Re8 9. O-O-O Bg4 10. Qe1 exd3 11. Be3 Bxd1 12. Qxd1 Bxc3 13. bxc3 dxc2 14. Nxc2
Nxd5 15. Bd4 Nc6 16. Bb5 Qg5+ 17. Kb2 Nxc3 18. Bxc3 Qxb5+ 19. Ka1 Qc4 20. Qf3
Rad8 21. Qg3 g6 22. Na3 Qd3 23. Rc1 Qxg3 24. hxg3 Rd7 25. f4 Red8 26. Kb2 b5
27. Bf6 Rd2+ 28. Kb3 R8d3+ 29. Rc3 b4 30. Rxd3 Rxd3+ 31. Kc4 Rxa3 {Normal} 0-1

[Event "Rated Blitz game"]
[Site "?"]
[Date "2021.01.09"]
[Round "?"]
[White "dmitry-lavrik"]
[Black "KinzyabulatovRenat"]
[Result "1-0"]
[WhiteElo "2514"]
[BlackElo "2352"]
[PlyCount "42"]
[EventDate "2021.??.??"]
[EventType "blitz"]

1. e4 e5 2. Nf3 d5 3. Nxe5 Bd6 4. d4 dxe4 5. Bc4 Bxe5 6. Qh5 Qe7 7. dxe5 Be6 8.
Nd2 Nc6 9. Bb5 Bd7 10. Nxe4 O-O-O 11. O-O Qxe5 12. Qxe5 Nxe5 13. Be2 f5 14. Nc5
Bc6 15. b4 Nf6 16. Bb2 Rhe8 17. Rfd1 Rxd1+ 18. Rxd1 b6 19. Ba6+ Kb8 20. Ne6 Bb7
21. Nxg7 Bxa6 {Normal} 1-0

[Event "Rated Blitz tournament HFQ7if6j"]
[Site "?"]
[Date "2021.01.09"]
[Round "?"]
[White "sc1211"]
[Black "percakupa"]
[Result "0-1"]
[WhiteElo "2418"]
[BlackElo "2312"]
[PlyCount "172"]
[EventDate "2021.??.??"]
[EventType "blitz"]

1. e4 e5 2. Nf3 d5 3. Nxe5 dxe4 4. Nc3 Be6 5. d4 Nf6 6. Bg5 Bb4 7. a3 Bxc3+ 8.
bxc3 O-O 9. Bc4 Bxc4 10. Nxc4 Qd5 11. Bxf6 Qxc4 12. Be5 Qxc3+ 13. Kf1 Nc6 14.
Qe1 Qc4+ 15. Qe2 Qxe2+ 16. Kxe2 Nxe5 17. dxe5 Rfe8 18. Rab1 b6 19. Rb5 c6 20.
Rb4 Rxe5 21. Rd1 Re7 22. Rbd4 Rae8 23. Rd7 Kf8 24. Ke3 f5 25. g3 Kf7 26. R7d6
Re6 27. Rd7+ R8e7 28. Rd8 g5 29. Rh8 Kf6 30. h4 gxh4 31. gxh4 Ke5 32. f4+ exf3
33. Kxf3 Kf6 34. Rf8+ Rf7 35. Rfd8 Rg7 36. Rf8+ Rf7 37. Rh8 c5 38. Rd5 Re5 39.
Rd6+ Ke7 40. Rdd8 Re4 41. Rhe8+ Kf6 42. Rxe4 fxe4+ 43. Kxe4 Kg6 44. Rd5 Rf2 45.
Kd3 Rf3+ 46. Kd2 Rxa3 47. Rd6+ Kh5 48. Rd7 h6 49. Rd6 Kxh4 50. Rxh6+ Kg5 51.
Rh7 Kf5 52. Re7 Kf6 53. Re1 Rh3 54. Re8 Rh7 55. Kc3 Rh4 56. Kb3 Rb4+ 57. Kc3
Ra4 58. Re1 Kf5 59. Re8 Re4 60. Ra8 Re7 61. Kc4 Ke5 62. Kb5 Kd4 63. c4 Rd7 64.
Rh8 Kc3 65. Rh3+ Kb2 66. Rh2+ Kc3 67. Rh3+ Kd4 68. Rh4+ Ke5 69. Rh5+ Kd6 70.
Rh6+ Kc7 71. Ka6 Rd4 72. Kxa7 Rxc4 73. Rh7+ Kc6 74. Rh6+ Kd5 75. Rxb6 Ra4+ 76.
Kb7 Rb4 77. Ka6 Rxb6+ 78. Kxb6 c4 79. Kb5 c3 80. Kb4 c2 81. Kb3 c1=Q 82. Ka2
Qc5 83. Kb3 Kd4 84. Ka2 Qb5 85. Ka3 Kc3 86. Ka2 Qb2# {Normal} 0-1

[Event "Rated Blitz game"]
[Site "?"]
[Date "2021.01.09"]
[Round "?"]
[White "Tuzibaba"]
[Black "Fantastic_power06"]
[Result "0-1"]
[WhiteElo "2528"]
[BlackElo "2636"]
[PlyCount "30"]
[EventDate "2021.??.??"]
[EventType "blitz"]

1. e4 e5 2. Nf3 d5 3. exd5 e4 4. Qe2 Nf6 5. d3 Qxd5 6. Nbd2 Nc6 7. dxe4 Qc5 8.
c3 Be6 9. Qb5 Ng4 10. Nd4 O-O-O 11. N2b3 Bxb3 12. axb3 Nxd4 13. cxd4 Qxd4 14.
Qf5+ Kb8 15. Bc4 Qd1# {Normal} 0-1

[Event "Rated Blitz game"]
[Site "?"]
[Date "2021.01.09"]
[Round "?"]
[White "patzer001"]
[Black "KinzyabulatovRenat"]
[Result "1-0"]
[WhiteElo "2439"]
[BlackElo "2389"]
[PlyCount "77"]
[EventDate "2021.??.??"]
[EventType "blitz"]

1. e4 e5 2. Nf3 d5 3. d3 Nf6 4. Bg5 dxe4 5. Bxf6 Qxf6 6. dxe4 Nc6 7. c3 Bd7 8.
Nbd2 O-O-O 9. Qc2 Bc5 10. Be2 g5 11. b4 g4 12. bxc5 gxf3 13. Bxf3 Be6 14. Rb1
Qe7 15. Qb2 Na5 16. Qb5 Qd7 17. Qxd7+ Rxd7 18. Nb3 Nc4 19. Ke2 Rhd8 20. Rhd1
Rxd1 21. Rxd1 Rxd1 22. Kxd1 Kd7 23. Be2 Kc6 24. g3 Kb5 25. f4 f6 26. f5 Bf7 27.
g4 h6 28. h4 Ka4 29. c6 b6 30. Bxc4 Bxc4 31. Nd2 Bf7 32. g5 hxg5 33. hxg5 fxg5
34. Nf3 g4 35. Nxe5 g3 36. Ke2 Bxa2 37. c4 Bb1 38. f6 Bxe4 39. f7 {Normal} 1-0

[Event "Rated Blitz tournament ZdsEH4YF"]
[Site "?"]
[Date "2021.01.09"]
[Round "?"]
[White "ElAdversario"]
[Black "cuerosky"]
[Result "1-0"]
[WhiteElo "2428"]
[BlackElo "2250"]
[PlyCount "97"]
[EventDate "2021.??.??"]
[EventType "blitz"]

1. e4 e5 2. Nf3 d5 3. d4 dxe4 4. Nxe5 Bd6 5. Bf4 Nf6 6. Bc4 O-O 7. O-O Nc6 8.
c3 Qe7 9. Nxc6 bxc6 10. Bg3 Bf5 11. Nd2 Rab8 12. b4 Bg6 13. Re1 Qd7 14. Nf1
Rfe8 15. Ne3 a5 16. a3 axb4 17. axb4 Nd5 18. Qd2 Nf4 19. Bf1 Ne6 20. Nc4 f6 21.
Nxd6 cxd6 22. d5 cxd5 23. Qxd5 Rbd8 24. Bb5 Qe7 25. Bxe8 Qxe8 26. c4 Bf7 27.
Qxe4 Qd7 28. Rad1 Ng5 29. Qd3 d5 30. cxd5 Bxd5 31. h4 Nf7 32. b5 Qb7 33. f3 h6
34. Qe2 Rf8 35. Bf2 g5 36. b6 gxh4 37. Qe7 Qxe7 38. Rxe7 Ne5 39. Rxd5 Rb8 40.
b7 h3 41. Rdxe5 fxe5 42. Rc7 h2+ 43. Kxh2 Rf8 44. Rc8 e4 45. Rxf8+ Kxf8 46.
b8=Q+ Kf7 47. fxe4 Kg6 48. e5 Kf5 49. Qd6 {Normal} 1-0

[Event "Rated Blitz game"]
[Site "?"]
[Date "2021.01.09"]
[Round "?"]
[White "SFA_Gang"]
[Black "Fantastic_power06"]
[Result "1-0"]
[WhiteElo "2601"]
[BlackElo "2646"]
[PlyCount "131"]
[EventDate "2021.??.??"]
[EventType "blitz"]

1. e4 e5 2. Nf3 d5 3. Nxe5 Bd6 4. d4 dxe4 5. Nc4 Nc6 6. Nxd6+ Qxd6 7. c3 Nf6 8.
Nd2 Bf5 9. Nc4 Qe6 10. Ne3 O-O-O 11. Bc4 Qd7 12. a4 Be6 13. Bb5 a6 14. Be2 h5
15. b4 Nd5 16. Nxd5 Qxd5 17. Be3 Qb3 18. b5 Qxd1+ 19. Kxd1 Nb8 20. Kc2 Bg4 21.
Bc4 Be6 22. Be2 Bg4 23. Bf1 a5 24. h3 Be6 25. c4 Nd7 26. Kc3 Nb6 27. Be2 h4 28.
d5 Bf5 29. Kd4 Rhe8 30. Bd2 Nd7 31. Bxa5 b6 32. Bb4 Ne5 33. a5 Nd3 34. Be1 bxa5
35. Rxa5 Kb7 36. Bd2 Nxf2 37. Rf1 e3 38. Bc1 Re4+ 39. Kc5 Rd6 40. Bxe3 Rxe3 41.
Rxf2 g6 42. Bf3 Kc8 43. Ra8+ Kd7 44. Ra7 Rb6 45. Rd2 Rd6 46. b6 Rf6 47. d6 Re5+
48. Rd5 Rxd6 49. Rxe5 Rc6+ 50. Bxc6+ Kd8 51. Bd5 cxb6+ 52. Kxb6 Bd7 53. Kc5 Bc8
54. Ra8 Kc7 55. Re8 Bb7 56. Rac8+ Kd7 57. Re7+ Kxe7 58. Rc7+ Kf6 59. Rxb7 Kg7
60. Rb6 g5 61. Rc6 f6 62. Rd6 Kg6 63. Rd7 Kh6 64. Rd6 Kh5 65. Re6 g4 66. Re5+ {
Time forfeit} 1-0

[Event "Rated Blitz game"]
[Site "?"]
[Date "2021.01.09"]
[Round "?"]
[White "SuperConfinado"]
[Black "Fantastic_power06"]
[Result "1/2-1/2"]
[WhiteElo "2580"]
[BlackElo "2623"]
[PlyCount "170"]
[EventDate "2021.??.??"]
[EventType "blitz"]

1. e4 e5 2. Nf3 d5 3. exd5 e4 4. Qe2 Nf6 5. Nc3 Be7 6. Nxe4 O-O 7. Nxf6+ Bxf6
8. Qd1 Re8+ 9. Be2 Qxd5 10. O-O c5 11. d3 Nc6 12. Be3 Bxb2 13. Rb1 Bf6 14. c4
Qd6 15. Nd2 Bf5 16. Ne4 Bxe4 17. dxe4 Qxd1 18. Rfxd1 b6 19. Bf3 Rad8 20. Rd5
Nb4 21. Rxd8 Rxd8 22. a3 Nc2 23. Bc1 Rd3 24. Be2 Rc3 25. Bb2 Rb3 26. Bd1 Rxb2
27. Rxb2 Bxb2 28. Bxc2 Bxa3 29. f4 a6 30. Ba4 Kf8 31. Kf2 Ke7 32. e5 f6 33.
exf6+ Kxf6 34. Kf3 Bc1 35. g4 g5 36. fxg5+ Kxg5 37. Bc6 Bb2 38. h3 Kh4 39. Kg2
Be5 40. Bb7 b5 41. Bxa6 b4 42. Bb7 Bd6 43. Be4 h6 44. Bc2 Kg5 45. Kf3 Kh4 46.
Kg2 Be5 47. Bb1 Bd4 48. Bc2 Be3 49. Bb3 Kg5 50. Kf3 Bg1 51. Ba4 Kf6 52. Ke4 Ke6
53. Bc2 Kd6 54. Bb3 Bh2 55. Ba4 Ke6 56. Bb3 Kf6 57. Bc2 Kg5 58. Kf3 Kh4 59. Kg2
Be5 60. Bb3 Bf6 61. Ba4 Bg5 62. Bc2 h5 63. gxh5 Kxh5 64. Bd1+ Kh4 65. Bb3 Be7
66. Ba4 Kg5 67. Kf3 Bd6 68. Bb3 Kf5 69. Ke3 Ke5 70. Ba4 Be7 71. Kd3 Bg5 72. Kc2
Kd4 73. Kb3 Ke3 74. Bd7 Bf6 75. Bc8 Bd4 76. Bg4 Kf4 77. Bd7 Kg5 78. Bc8 Kh4 79.
Bd7 Kg5 80. Bc8 Kh4 81. Be6 Kg5 82. Bd7 Kh4 83. Bc8 Kh5 84. Bg4+ Kh4 85. Bd7
Kg5 {Normal} 1/2-1/2

[Event "Rated Blitz game"]
[Site "?"]
[Date "2021.01.08"]
[Round "?"]
[White "Valandir"]
[Black "drdumbo"]
[Result "0-1"]
[WhiteElo "2465"]
[BlackElo "2499"]
[PlyCount "80"]
[EventDate "2021.??.??"]
[EventType "blitz"]

1. e4 e5 2. Nf3 d5 3. exd5 Bd6 4. Nc3 Nf6 5. d4 e4 6. Ne5 Nbd7 7. Bf4 Qe7 8.
Bb5 O-O 9. Bxd7 Nxd7 10. Nxd7 Bxd7 11. Bxd6 cxd6 12. O-O f5 13. f4 Rac8 14. Qe2
a6 15. a4 Rc7 16. Ra3 Rfc8 17. Rb3 Qf6 18. Qe3 Be8 19. Rb6 Bf7 20. Rd1 Qe7 21.
Qh3 Bg6 22. Qg3 Qf6 23. Qg5 Qxg5 24. fxg5 f4 25. Rxd6 e3 26. Rc1 Rc4 27. Rf1
Rxd4 28. Re6 Bf7 29. Re5 b5 30. axb5 axb5 31. Nxb5 Rd2 32. Nc3 Rxc2 33. Rxf4
Rxb2 34. Rxe3 Rc2 35. Rff3 Bh5 36. Rg3 Ra8 37. h4 Rc1+ 38. Kh2 Raa1 39. Re8+
Bxe8 40. Re3 Re1 {Normal} 0-1

[Event "Rated Blitz game"]
[Site "?"]
[Date "2021.01.08"]
[Round "?"]
[White "Mark-Bueno"]
[Black "cascabel94"]
[Result "0-1"]
[WhiteElo "2205"]
[BlackElo "2475"]
[PlyCount "48"]
[EventDate "2021.??.??"]
[EventType "blitz"]

1. e4 e5 2. Nf3 d5 3. exd5 e4 4. Nd4 Qxd5 5. Nb3 Nf6 6. Nc3 Qe5 7. Be2 Bd6 8.
d4 exd3 9. Qxd3 Bf5 10. Qb5+ Qxb5 11. Bxb5+ c6 12. Bd3 Bxd3 13. cxd3 O-O 14.
O-O Nbd7 15. d4 Rfe8 16. Be3 Ng4 17. Na5 Bxh2+ 18. Kh1 Nxe3 19. fxe3 Bc7 20.
Nxb7 Rab8 21. Nc5 Nxc5 22. dxc5 Rxb2 23. Rf3 Rc2 24. e4 Be5 {Normal} 0-1

[Event "Rated Blitz game"]
[Site "?"]
[Date "2021.01.08"]
[Round "?"]
[White "slavyshka"]
[Black "Mettigel"]
[Result "0-1"]
[WhiteElo "2350"]
[BlackElo "2434"]
[PlyCount "88"]
[EventDate "2021.??.??"]
[EventType "blitz"]

1. e4 e5 2. Nf3 d5 3. Nxe5 Bd6 4. d4 dxe4 5. Nc3 Bxe5 6. dxe5 Qxd1+ 7. Nxd1 Nc6
8. Nc3 Bf5 9. Bf4 O-O-O 10. Bc4 Nge7 11. O-O Ng6 12. Bg3 Ngxe5 13. Bxe5 Nxe5
14. Bd5 Rhe8 15. Bxe4 Bxe4 16. Nxe4 f5 17. Nc5 b6 18. Nb3 Nc4 19. Rab1 Re2 20.
c3 Rxb2 21. Rxb2 Nxb2 22. Nd4 g6 23. h4 Kb7 24. Re1 Rd7 25. Re8 Na4 26. Ne6
Nxc3 27. h5 Nxa2 28. hxg6 hxg6 29. Nd8+ Ka6 30. Nc6 Kb5 31. Nxa7+ Ka4 32. Nc6
Nb4 33. Ra8+ Kb5 34. Ne5 Rd6 35. Rg8 c5 36. Nxg6 c4 37. Nf4 c3 38. Ne2 c2 39.
Rc8 Nc6 40. Kh2 Kc4 41. Ra8 b5 42. Ra3 b4 43. Ra2 b3 44. Ra4+ Nb4 {Normal} 0-1

[Event "Rated Blitz game"]
[Site "?"]
[Date "2021.01.08"]
[Round "?"]
[White "www68"]
[Black "BaronBananenschnabel"]
[Result "0-1"]
[WhiteElo "2527"]
[BlackElo "2348"]
[PlyCount "104"]
[EventDate "2021.??.??"]
[EventType "blitz"]

1. e4 e5 2. Nf3 d5 3. Nxe5 Bd6 4. d4 dxe4 5. Nc4 Nf6 6. Be2 O-O 7. Be3 Nc6 8.
Nxd6 Qxd6 9. c4 Bf5 10. Nc3 Rad8 11. d5 Ne5 12. h3 Nd3+ 13. Bxd3 exd3 14. Qb3
c6 15. g4 Bg6 16. g5 Nh5 17. O-O-O cxd5 18. Nxd5 Rc8 19. Kb1 Be4 20. Rhg1 b5
21. Nc3 bxc4 22. Nxe4 Qc6 23. Qc3 Qxe4 24. Rg4 Qf3 25. Rc1 Qxh3 26. Rxc4 Rcd8
27. Qd2 Qf5 28. a3 g6 29. Ka1 Ng7 30. Bxa7 Ne6 31. Be3 Ra8 32. Qc3 Rfb8 33. Rh1
h5 34. gxh6 Kh7 35. Rc6 Qe4 36. Rd1 Qa4 37. Rxe6 Qxd1+ 38. Ka2 Qb3+ 39. Qxb3
Rxb3 40. Re7 Rab8 41. Rxf7+ Kg8 42. Rg7+ Kf8 43. Bc5+ Ke8 44. Bb4 R3xb4 45.
axb4 d2 46. h7 Ra8+ 47. Kb3 d1=Q+ 48. Kc4 Rc8+ 49. Kb5 Qd3+ 50. Kb6 Qd6+ 51.
Kb7 Qc6+ 52. Ka7 Ra8# {Normal} 0-1

[Event "Rated Blitz game"]
[Site "?"]
[Date "2021.01.08"]
[Round "?"]
[White "hilary4"]
[Black "drdumbo"]
[Result "1-0"]
[WhiteElo "2498"]
[BlackElo "2539"]
[PlyCount "73"]
[EventDate "2021.??.??"]
[EventType "blitz"]

1. e4 e5 2. Nf3 d5 3. exd5 Bd6 4. Nc3 Nf6 5. d4 e4 6. Ne5 Nbd7 7. Bb5 O-O 8.
Nxd7 Bxd7 9. Bxd7 Qxd7 10. Bg5 Qf5 11. Bxf6 gxf6 12. Qe2 Rae8 13. a3 Kh8 14.
O-O-O Qg5+ 15. Kb1 Qxg2 16. Rdg1 Qf3 17. Qxf3 exf3 18. Re1 Bf4 19. Ne4 f5 20.
Nc5 Rg8 21. Nxb7 Rb8 22. Nc5 Rg2 23. Nd3 Bd6 24. Re3 Bxa3 25. Rxf3 Bd6 26. Rxf5
Bxh2 27. Rxf7 Kg8 28. Rd7 h5 29. Ne1 Rxf2 30. Nd3 Rg2 31. Ne5 Rb4 32. Rxc7 Rxd4
33. Rc8+ Kg7 34. Nf3 Rf4 35. Rxh2 Rxh2 36. Nxh2 Rf2 37. d6 {Normal} 1-0

[Event "Rated Rapid game"]
[Site "?"]
[Date "2021.01.08"]
[Round "?"]
[White "Anita_Parvizi"]
[Black "BigTy"]
[Result "0-1"]
[WhiteElo "2419"]
[BlackElo "2353"]
[PlyCount "110"]
[EventDate "2021.??.??"]
[EventType "rapid"]

1. e4 e5 2. Nf3 d5 3. d4 dxe4 4. Nxe5 Bd6 5. Bc4 Bxe5 6. Qh5 Qe7 7. dxe5 Be6 8.
Bg5 Qb4+ 9. Nd2 Bxc4 10. O-O-O Nc6 11. Nxe4 Nge7 12. Nf6+ gxf6 13. exf6 Ng6 14.
Rhe1+ Be6 15. f4 Nxf4 16. Qh6 Ng6 17. Rxe6+ fxe6 18. Qg7 Nce5 19. Qxc7 Qb6 20.
f7+ Nxf7 21. Qd7+ Kf8 22. Rf1 Nge5 23. Qe7+ Kg8 24. Bf6 Qd6 25. Qxb7 Rb8 26.
Qe4 Qb4 27. Qxb4 Rxb4 28. Bxh8 Nxh8 29. c3 Re4 30. Kd2 Nhf7 31. g3 Kg7 32. b4
a5 33. b5 Ra4 34. Ra1 Nd6 35. Kc2 Nxb5 36. Kb3 Re4 37. Rd1 a4+ 38. Kb2 Nc4+ 39.
Kc2 Ne3+ 40. Kd2 Nxd1 41. Kxd1 Nxc3+ 42. Kc2 Rc4 43. Kd3 Rc6 44. Kc2 Kf6 45.
Kb2 e5 46. a3 Kf5 47. Kc2 e4 48. Kd2 Ke5 49. Ke3 Kd5 50. Kf4 Kd4 51. g4 e3 52.
h4 Kd3 53. g5 e2 54. h5 e1=Q 55. Kf5 Qe4# {Normal} 0-1

[Event "Rated Blitz game"]
[Site "?"]
[Date "2021.01.08"]
[Round "?"]
[White "SamerOnFire"]
[Black "Mettigel"]
[Result "1-0"]
[WhiteElo "2347"]
[BlackElo "2439"]
[PlyCount "131"]
[EventDate "2021.??.??"]
[EventType "blitz"]

1. e4 e5 2. Nf3 d5 3. exd5 Bd6 4. Nc3 Nf6 5. Bc4 O-O 6. d3 h6 7. O-O Bg4 8. h3
Bh5 9. Ne4 Nbd7 10. Ng3 Bg6 11. Re1 Re8 12. Nh4 Bh7 13. Nhf5 Bf8 14. Qe2 a6 15.
Bb3 Nc5 16. c4 e4 17. d4 Nd3 18. Rd1 Qd7 19. Ne3 Rad8 20. Bc2 Nxc1 21. Raxc1
Bd6 22. Ngf1 Bf4 23. Bb3 h5 24. c5 h4 25. c6 bxc6 26. dxc6 Qc8 27. Rc5 Bg6 28.
Qc2 Rd6 29. Nc4 Rdd8 30. d5 e3 31. Qc3 e2 32. Re1 exf1=Q+ 33. Rxf1 Nxd5 34. Qf3
Bg5 35. Rxd5 Rxd5 36. Qxd5 Bf6 37. Qd7 Rd8 38. Qxc8 Rxc8 39. Rd1 Bf5 40. Na5
Kf8 41. Bc4 Ra8 42. b3 Bc3 43. Nb7 Bb4 44. Rd5 Be6 45. Rh5 Ke7 46. Rxh4 a5 47.
Bxe6 fxe6 48. Rg4 Kf6 49. f4 Ra6 50. Nd8 Be7 51. Nb7 Rxc6 52. Nxa5 Rc1+ 53. Kh2
Bc5 54. Nc4 Bg1+ 55. Kg3 Bc5 56. Rg5 Bd6 57. Ra5 Rc3+ 58. Kg4 g6 59. g3 Rc2 60.
h4 Kf7 61. Ne5+ Kf6 62. Nd7+ Ke7 63. Nb8 Rxa2 64. Rxa2 c5 65. Na6 Bc7 66. Nxc5
{Normal} 1-0

[Event "Rated Blitz game"]
[Site "?"]
[Date "2021.01.08"]
[Round "?"]
[White "Imississi"]
[Black "Tayota"]
[Result "0-1"]
[WhiteElo "2424"]
[BlackElo "2340"]
[PlyCount "54"]
[EventDate "2021.??.??"]
[EventType "blitz"]

1. e4 e5 2. Nf3 d5 3. Nxe5 Qe7 4. d4 f6 5. Qh5+ g6 6. Nxg6 Qxe4+ 7. Be3 Qxg6 8.
Qxd5 Ne7 9. Qc4 Nbc6 10. Nc3 Bf5 11. Nb5 O-O-O 12. O-O-O Nd5 13. Be2 Nxe3 14.
fxe3 Bh6 15. Qc3 Rhe8 16. Kb1 Rxe3 17. Qc4 Qxg2 18. Bd3 Rxd3 19. cxd3 a6 20.
Nc3 Rxd4 21. Qf7 Rxd3 22. Ka1 Rxd1+ 23. Rxd1 Kb8 24. Qxf6 Qg6 25. Qh8+ Ka7 26.
Nd5 Bg7 27. Qg8 Bxb2+ {Normal} 0-1

[Event "Rated Blitz game"]
[Site "?"]
[Date "2021.01.08"]
[Round "?"]
[White "TrispiosReturns"]
[Black "PerunBarglowski"]
[Result "0-1"]
[WhiteElo "2429"]
[BlackElo "2495"]
[PlyCount "76"]
[EventDate "2021.??.??"]
[EventType "blitz"]

1. e4 e5 2. Nf3 d5 3. exd5 e4 4. Ng1 Nf6 5. d3 Qxd5 6. Nc3 Bb4 7. Bd2 Qe5 8.
Nxe4 Nxe4 9. dxe4 Qxe4+ 10. Be2 O-O 11. Bxb4 Qxb4+ 12. Qd2 Qxb2 13. Rd1 Nc6 14.
Nf3 Bg4 15. O-O Rad8 16. Qf4 Qxc2 17. Rxd8 Rxd8 18. Bb5 Bxf3 19. Qxf3 Nd4 20.
Qxb7 Nxb5 21. Qxb5 Qxa2 22. Re1 g6 23. Re8+ Rxe8 24. Qxe8+ Kg7 25. Qe5+ Kf8 26.
Qc5+ Ke8 27. h4 Qb1+ 28. Kh2 Qe4 29. Qxc7 Qxh4+ 30. Kg1 Qd4 31. g3 h5 32. Kg2
Kf8 33. f4 Kg7 34. Qb7 a5 35. Qa6 a4 36. Kh3 Qa1 37. Kh4 Qf6+ 38. Kh3 Qxa6 {
Normal} 0-1